000 00781nab a2200241 4500
003 BR-BrBNA
005 20250414122219.0
008 250414b bl.||||| |||| 00| 0 por d
040 _aBR-BrBNA
_bpor
072 _aE13 ; E20
100 _aAraújo, Carla
245 _aDepois da tempestade
_bEspecial - Crédito Agrícola
500 _a7 illus.
650 _aSAFRA
650 _aPOLÍTICA MONETÁRIA
650 _aPOLÍTICA DE CRÉDITO
650 _aDÍVIDA RURAL
650 _aCRÉDITO RURAL
650 _aSEGURO RURAL
773 0 _01706
_9346669
_dSão Paulo-SP Editora Três Ltda - E-mail: luizfsa@revistadinheiro.com.br 2004
_o2024-7380
_tDinheiro Rural (Brazil)
_x1807-3700
_gv. 3(24) p. 74-76; (Oct 2006)
_wBR2025000734
942 _cANA
999 _c331014
_d331014